Identify the California highway by its cities/towns Quiz Stats

 Plays Quiz not verified by Sporcle

Also try: Ethiopia's Borders
Challenge
Share
Tweet
Embed
Score 0/50 Timer 20:00
0 Plays Today
% Correct
2
92.3%
1
84.6%
10
84.6%
33
84.6%
58
79.5%
111
79.5%
118
76.9%
4
74.4%
89
74.4%
23
74.4%
95
71.8%
246
71.8%
20
69.2%
198
69.2%
74
69.2%
166
69.2%
41
66.7%
99
66.7%
138
64.1%
46
64.1%
178
64.1%
49
61.5%
18
61.5%
113
59%
120
59%
% Correct
152
56.4%
140
53.8%
17
51.3%
79
46.2%
78
43.6%
3
43.6%
299
41%
127
41%
9
41%
84
38.5%
135
38.5%
36
35.9%
29
35.9%
12
35.9%
156
33.3%
145
30.8%
86
30.8%
116
30.8%
132
28.2%
45
25.6%
162
23.1%
160
20.5%
128
20.5%
165
17.9%
96
17.9%

You're not logged in!

Compare scores with friends on all Sporcle quizzes.
OR
Log In

You Might Also Like...

Show Comments

Extras

Top Quizzes Today


Score Distribution

Your Account Isn't Verified!

In order to create a playlist on Sporcle, you need to verify the email address you used during registration. Go to your Sporcle Settings to finish the process.

Report this User

Report this user for behavior that violates our Community Guidelines.

Details: